| 000 | 00339nam a22001337a 4500 | ||
|---|---|---|---|
| 020 | _a812192989x | ||
| 082 |
_a621.371 _bRAJ/EL |
||
| 100 |
_aRajput R.K. _980 |
||
| 245 | _aElectrical and Electronic Measuremets and Instrumentation | ||
| 250 | _a2 nd | ||
| 260 |
_aNew Delhi _bS.Chand and Company Ltd. _c2012 |
||
| 300 | _a1275 | ||
| 942 | _cBK | ||
| 999 |
_c14670 _d14670 |
||